Largest economies by hemisphere - Statistics

General Stats
  • This quiz has been taken 19 times
  • The average score is 19 of 20
Answer Stats
GDP Countries % Correct
0.63 M Argentina
100%
1.79 M Australia
100%
2.17 M Brazil
100%
2.24 M Canada
100%
0.31 M Chile
100%
18.53 M China
100%
3.13 M France
100%
4.59 M Germany
100%
3.93 M India
100%
1.47 M Indonesia
100%
0.41 M South Africa
100%
3.49 M United Kingdom
100%
2.32 M Italy
94%
4.11 M Japan
94%
0.24 M New Zealand
94%
0.23 M Peru
94%
2.05 M Russia
94%
28.78 M United States
94%
0.12 M Angola
65%
0.11 M Ecuador
53%
No matching quizzes found
Score Distribution
Percent of People with Each Score
Percentile by Number Answered
Your Score History
You have not taken this quiz